Statistics for Countries with the Longest Coastlines

Click here to take the quiz!

General Stats

  • This quiz has been taken 201,463 times
    (47,062 since last reset)
  • The average score is 17 of 20

Answer Stats

Kilometers Country % Correct
137,000Canada
99%
69,500United States
99%
73,100Russia
99%
18,700Brazil
97%
34,100Australia
97%
31,300Chile
95%
16,800China
94%
11,000India
93%
15,500Japan
92%
15,600Mexico
92%
52,500Indonesia
91%
16,700United Kingdom
89%
27,400Norway
87%
10,300New Zealand
83%
48,800Denmark
(includes Greenland)
76%
12,200France
75%
17,300Philippines
74%
6,520Sweden
73%
9,480Greece
61%
11,200Papua New Guinea
42%

Score Distribution

Percentile by Number Answered

Percent of People with Each Score

Your Score History

You have not taken this quiz since the last reset